| 000 | 00493nam a2200133Ia 4500 | ||
|---|---|---|---|
| 008 | 170221s9999 xx 000 0 und d | ||
| 100 | _aAzham Hussain | ||
| 245 | 4 | _aThe Role of Requirements in the Success or Failure of Software Projects | |
| 245 | _cAzham Hussain, Emmanuel O.C. Mkpojiogu, Fazillah Mohmad Kamal | ||
| 260 | _bInternational Review of Management and Marketing | ||
| 260 | _c2013 | ||
| 650 | _xMarketing. | ||
| 856 | _uhttp://www.econjournals.com/index.php/irmm/issue/view/91 | ||
| 999 |
_c310497 _d310497 |
||